[Event "DVM U10 2023"]
[Site "Magdeburg GER"]
[Date "2023.12.27"]
[Round "1"]
[White "Bienbeck, Matthis"]
[Black "Rogner, Alexander Luis"]
[Result "1/2-1/2"]
[Termination "normal"]
[Board "2.2"]
[WhiteElo "1279"]
[BlackElo "1531"]
[WhiteClock "00:12:51"]
[BlackClock "00:05:36"]
[WhiteTeam "SG Porz"]
[BlackTeam "SF Brackel 1930"]
[PlyCount "70"]
[BlackFideId "34606556"]
[EventCountry "GER"]
[EventRounds "7"]
[EventType "team-swiss"]
[EventDate "2023.12.27"]

1. e4 {[%clk 00:55:09]} e5 {[%clk 00:55:06]} {[%emt 00:00:05]} 2. Nf3 {[%clk
00:55:01]} {[%emt 00:00:12]} Nc6 {[%clk 00:55:07]} {[%emt 00:00:06]} 3. Bb5
{[%clk 00:54:59]} {[%emt 00:00:06]} a6 {[%clk 00:54:58]} {[%emt 00:00:14]} 4.
Ba4 {[%clk 00:54:42]} {[%emt 00:00:21]} Nf6 {[%clk 00:54:57]} {[%emt 00:00:07]}
5. O-O {[%clk 00:54:36]} {[%emt 00:00:11]} b5 {[%clk 00:54:53]} {[%emt
00:00:09]} 6. Bb3 {[%clk 00:54:25]} {[%emt 00:00:17]} Be7 {[%clk 00:54:47]}
{[%emt 00:00:10]} 7. d3 {[%clk 00:53:41]} {[%emt 00:00:49]} d6 {[%clk
00:54:37]} {[%emt 00:00:15]} 8. h3 {[%clk 00:53:39]} {[%emt 00:00:06]} Na5
{[%clk 00:54:33]} {[%emt 00:00:10]} 9. c3 {[%clk 00:53:10]} {[%emt 00:00:34]}
Nxb3 {[%clk 00:54:31]} {[%emt 00:00:07]} 10. Qxb3 {[%clk 00:52:26]} {[%emt
00:00:49]} O-O {[%clk 00:54:17]} {[%emt 00:00:18]} 11. Bg5 {[%clk 00:50:52]}
{[%emt 00:01:40]} c5 {[%clk 00:53:56]} {[%emt 00:00:27]} 12. Re1 {[%clk
00:48:46]} {[%emt 00:02:09]} Be6 {[%clk 00:53:39]} {[%emt 00:00:22]} 13. Qc2
{[%clk 00:48:12]} {[%emt 00:00:39]} h6 {[%clk 00:53:37]} {[%emt 00:00:08]} 14.
Bh4 {[%clk 00:47:47]} {[%emt 00:00:29]} Qc7 {[%clk 00:52:54]} {[%emt 00:00:49]}
15. Nbd2 {[%clk 00:47:22]} {[%emt 00:00:30]} Rac8 {[%clk 00:50:44]} {[%emt
00:02:15]} 16. Nf1 {[%clk 00:45:06]} {[%emt 00:02:20]} Nh7 {[%clk 00:40:32]}
{[%emt 00:10:18]} 17. Bxe7 {[%clk 00:41:03]} {[%emt 00:04:07]} Qxe7 {[%clk
00:39:45]} {[%emt 00:00:52]} 18. a4 {[%clk 00:39:19]} {[%emt 00:01:50]} Ng5
{[%clk 00:38:42]} {[%emt 00:01:08]} 19. Nxg5 {[%clk 00:34:49]} {[%emt
00:04:35]} Qxg5 {[%clk 00:35:54]} {[%emt 00:02:53]} 20. Qd2 {[%clk 00:32:29]}
{[%emt 00:02:25]} Qxd2 {[%clk 00:27:18]} {[%emt 00:08:41]} 21. Nxd2 {[%clk
00:32:23]} {[%emt 00:00:09]} Ra8 {[%clk 00:26:49]} {[%emt 00:00:36]} 22. Nf3
{[%clk 00:31:25]} {[%emt 00:01:03]} Rfb8 {[%clk 00:25:58]} {[%emt 00:00:56]}
23. b4 {[%clk 00:27:18]} {[%emt 00:04:12]} cxb4 {[%clk 00:25:03]} {[%emt
00:01:00]} 24. cxb4 {[%clk 00:27:01]} {[%emt 00:00:21]} bxa4 {[%clk 00:24:58]}
{[%emt 00:00:11]} 25. Rxa4 {[%clk 00:26:58]} {[%emt 00:00:08]} Bd7 {[%clk
00:24:58]} {[%emt 00:00:05]} 26. Ra5 {[%clk 00:25:21]} {[%emt 00:01:42]} Rxb4
{[%clk 00:24:36]} {[%emt 00:00:27]} 27. Rd5 {[%clk 00:24:43]} {[%emt 00:00:43]}
Rb6 {[%clk 00:14:42]} {[%emt 00:09:59]} 28. d4 {[%clk 00:22:33]} {[%emt
00:02:15]} Be6 {[%clk 00:13:06]} {[%emt 00:01:41]} 29. Ra5 {[%clk 00:21:56]}
{[%emt 00:00:42]} f6 {[%clk 00:12:13]} {[%emt 00:00:58]} 30. d5 {[%clk
00:19:35]} {[%emt 00:02:26]} Bd7 {[%clk 00:11:57]} {[%emt 00:00:21]} 31. Nd2
{[%clk 00:17:42]} {[%emt 00:01:57]} Rb5 {[%clk 00:07:42]} {[%emt 00:04:20]} 32.
Rea1 {[%clk 00:16:45]} {[%emt 00:01:02]} Rxa5 {[%clk 00:07:24]} {[%emt
00:00:24]} 33. Rxa5 {[%clk 00:16:32]} {[%emt 00:00:18]} Bb5 {[%clk 00:07:23]}
{[%emt 00:00:06]} 34. f3 {[%clk 00:14:47]} {[%emt 00:01:50]} Rc8 {[%clk
00:07:09]} {[%emt 00:00:18]} 35. Ra1 {[%clk 00:12:51]} {[%emt 00:02:00]} Rc3
{[%clk 00:05:36]} {[%emt 00:01:39]} 1/2-1/2

[Event "DVM U10 2023"]
[Site "Magdeburg GER"]
[Date "2023.12.27"]
[Round "1"]
[White "Hendler, Maximilian"]
[Black "Trunz, Daniel"]
[Result "1-0"]
[Termination "normal"]
[Board "2.3"]
[WhiteElo "1290"]
[BlackElo "1098"]
[WhiteClock "00:13:59"]
[BlackClock "00:22:08"]
[WhiteTeam "SF Brackel 1930"]
[BlackTeam "SG Porz"]
[PlyCount "53"]
[WhiteFideId "34616500"]
[BlackFideId "34640797"]
[EventCountry "GER"]
[EventRounds "7"]
[EventType "team-swiss"]
[EventDate "2023.12.27"]

1. e4 {[%clk 00:55:05]} {[%emt 00:00:04]} e5 {[%clk 00:55:08]} {[%emt
00:00:03]} 2. Nf3 {[%clk 00:55:06]} {[%emt 00:00:03]} Nc6 {[%clk 00:55:10]}
{[%emt 00:00:03]} 3. Bc4 {[%clk 00:55:03]} {[%emt 00:00:08]} Bc5 {[%clk
00:54:54]} {[%emt 00:00:22]} 4. c3 {[%clk 00:54:45]} {[%emt 00:00:24]} Nf6
{[%clk 00:54:34]} {[%emt 00:00:24]} 5. d4 {[%clk 00:54:25]} {[%emt 00:00:24]}
exd4 {[%clk 00:54:07]} {[%emt 00:00:32]} 6. cxd4 {[%clk 00:54:21]} {[%emt
00:00:10]} Bb4+ {[%clk 00:53:32]} {[%emt 00:00:41]} 7. Bd2 {[%clk 00:53:57]}
{[%emt 00:00:29]} Nxe4 {[%clk 00:52:07]} {[%emt 00:01:30]} 8. Bxb4 {[%clk
00:53:39]} {[%emt 00:00:22]} Nxb4 {[%clk 00:51:26]} {[%emt 00:00:46]} 9. Bxf7+
{[%clk 00:53:23]} {[%emt 00:00:21]} Kxf7 {[%clk 00:50:41]} {[%emt 00:00:50]}
10. Qb3+ {[%clk 00:53:20]} {[%emt 00:00:07]} d5 {[%clk 00:49:22]} {[%emt
00:01:24]} 11. Qxb4 {[%clk 00:49:08]} {[%emt 00:04:18]} Rf8 {[%clk 00:46:52]}
{[%emt 00:02:34]} 12. O-O {[%clk 00:47:40]} {[%emt 00:01:33]} Kg8 {[%clk
00:46:25]} {[%emt 00:00:32]} 13. Nc3 {[%clk 00:46:50]} {[%emt 00:00:55]} Ng5
{[%clk 00:45:16]} {[%emt 00:01:15]} 14. Ne5 {[%clk 00:43:29]} {[%emt 00:03:26]}
a5 {[%clk 00:43:18]} {[%emt 00:02:04]} 15. Qb3 {[%clk 00:41:01]} {[%emt
00:02:32]} Be6 {[%clk 00:41:02]} {[%emt 00:02:21]} 16. Rae1 {[%clk 00:34:16]}
{[%emt 00:06:50]} Rf4 {[%clk 00:39:44]} {[%emt 00:01:23]} 17. Nd3 {[%clk
00:31:56]} {[%emt 00:02:25]} Rg4 {[%clk 00:37:49]} {[%emt 00:02:00]} 18. f4
{[%clk 00:21:02]} {[%emt 00:10:58]} Nh3+ {[%clk 00:35:21]} {[%emt 00:02:33]}
19. Kh1 {[%clk 00:20:36]} {[%emt 00:00:32]} Rg6 {[%clk 00:31:45]} {[%emt
00:03:41]} 20. gxh3 {[%clk 00:19:15]} {[%emt 00:01:25]} Bxh3 {[%clk 00:30:56]}
{[%emt 00:00:54]} 21. Qxd5+ {[%clk 00:17:40]} {[%emt 00:01:40]} Be6 {[%clk
00:29:44]} {[%emt 00:03:32]} 22. Qxd8+ {[%clk 00:18:22]} {[%emt 00:01:17]} Rxd8
{[%clk 00:29:12]} {[%emt 00:00:37]} 23. f5 {[%clk 00:16:52]} {[%emt 00:01:35]}
Rg4 {[%clk 00:25:08]} {[%emt 00:04:09]} 24. fxe6 {[%clk 00:15:51]} {[%emt
00:01:08]} Rgxd4 {[%clk 00:24:22]} {[%emt 00:00:49]} 25. e7 {[%clk 00:15:26]}
{[%emt 00:00:31]} Re8 {[%clk 00:23:31]} {[%emt 00:00:56]} 26. Nb5 {[%clk
00:14:15]} {[%emt 00:01:17]} Rxd3 {[%clk 00:22:08]} {[%emt 00:01:28]} 27. Nxc7
{[%clk 00:13:59]} {[%emt 00:00:20]} 1-0

[Event "DVM U10 2023"]
[Site "Magdeburg GER"]
[Date "2023.12.27"]
[Round "1"]
[White "Sinner, Lennard"]
[Black "Hendler, Felicitas"]
[Result "0-1"]
[Termination "normal"]
[Board "2.4"]
[WhiteElo "785"]
[BlackElo "1408"]
[WhiteClock "00:32:37"]
[BlackClock "00:21:54"]
[WhiteTeam "SG Porz"]
[BlackTeam "SF Brackel 1930"]
[PlyCount "120"]
[BlackFideId "34616519"]
[EventCountry "GER"]
[EventRounds "7"]
[EventType "team-swiss"]
[EventDate "2023.12.27"]

1. e4 {[%clk 00:55:08]} {[%emt 00:00:01]} c5 {[%clk 00:55:08]} {[%emt
00:00:02]} 2. Bc4 {[%clk 00:54:49]} {[%emt 00:00:24]} d6 {[%clk 00:55:06]}
{[%emt 00:00:07]} 3. d3 {[%clk 00:54:38]} {[%emt 00:00:16]} Nf6 {[%clk
00:54:57]} {[%emt 00:00:13]} 4. Bf4 {[%emt 00:00:13]} g6 {[%emt 00:00:08]} 5.
Nc3 {[%clk 00:54:03]} {[%emt 00:00:20]} Bg7 {[%clk 00:54:53]} {[%emt 00:00:10]}
6. Nf3 {[%clk 00:53:09]} {[%emt 00:00:56]} O-O {[%clk 00:54:01]} {[%emt
00:00:59]} 7. O-O {[%clk 00:52:54]} {[%emt 00:00:15]} Nc6 {[%clk 00:54:05]}
{[%emt 00:00:06]} 8. Re1 {[%clk 00:52:16]} {[%emt 00:00:42]} a6 {[%clk
00:53:02]} {[%emt 00:01:09]} 9. Re3 {[%clk 00:51:59]} {[%emt 00:00:19]} Nh5
{[%clk 00:51:44]} {[%emt 00:01:26]} 10. Bg5 {[%clk 00:50:51]} {[%emt 00:01:12]}
b5 {[%clk 00:50:28]} {[%emt 00:01:22]} 11. Bd5 {[%clk 00:50:45]} {[%emt
00:00:12]} Bb7 {[%clk 00:49:50]} {[%emt 00:00:42]} 12. Qe2 {[%clk 00:50:08]}
{[%emt 00:00:42]} h6 {[%clk 00:47:41]} {[%emt 00:02:14]} 13. Bh4 {[%clk
00:49:42]} {[%emt 00:00:31]} Nf4 {[%clk 00:47:15]} {[%emt 00:00:31]} 14. Qd2
{[%clk 00:49:07]} {[%emt 00:00:40]} Nxd5 {[%clk 00:46:19]} {[%emt 00:01:01]}
15. exd5 {[%clk 00:48:43]} {[%emt 00:00:14]} Ne5 {[%clk 00:45:56]} {[%emt
00:00:43]} 16. Nxe5 {[%clk 00:48:32]} {[%emt 00:00:16]} Bxe5 {[%clk 00:45:30]}
{[%emt 00:00:32]} 17. Rae1 {[%clk 00:48:18]} {[%emt 00:00:18]} Bf4 {[%clk
00:44:31]} {[%emt 00:01:05]} 18. Bxe7 {[%clk 00:48:04]} {[%emt 00:00:18]} Bxe3
{[%clk 00:44:00]} {[%emt 00:00:36]} 19. Rxe3 {[%emt 00:00:11]} Qd7 {[%clk
00:42:56]} {[%emt 00:01:05]} 20. Bxf8 {[%clk 00:47:24]} {[%emt 00:00:42]} Kxf8
{[%clk 00:42:29]} {[%emt 00:00:33]} 21. Rf3 {[%clk 00:46:48]} {[%emt 00:00:33]}
Re8 {[%clk 00:42:06]} {[%emt 00:00:37]} 22. h3 {[%clk 00:46:37]} {[%emt
00:00:15]} b4 {[%clk 00:41:26]} {[%emt 00:00:45]} 23. Ne4 {[%clk 00:46:19]}
{[%emt 00:00:23]} Re5 {[%clk 00:39:22]} {[%emt 00:02:09]} 24. Qxh6+ {[%clk
00:46:02]} {[%emt 00:00:20]} Ke7 {[%clk 00:38:26]} {[%emt 00:01:02]} 25. Qh4+
{[%clk 00:45:32]} {[%emt 00:00:32]} Kf8 {[%clk 00:38:11]} {[%emt 00:00:24]} 26.
Qh8+ {[%clk 00:45:19]} {[%emt 00:00:18]} Ke7 {[%clk 00:38:02]} {[%emt
00:00:14]} 27. Qf6+ {[%clk 00:45:09]} {[%emt 00:00:14]} Kf8 {[%clk 00:37:10]}
{[%emt 00:00:57]} 28. Nxd6 {[%clk 00:44:33]} {[%emt 00:00:42]} Bxd5 {[%clk
00:36:36]} {[%emt 00:00:39]} 29. Qh8+ {[%clk 00:44:08]} {[%emt 00:00:30]} Ke7
{[%clk 00:35:28]} {[%emt 00:01:13]} 30. Qxe5+ {[%clk 00:44:02]} {[%emt
00:00:10]} Qe6 {[%clk 00:34:37]} {[%emt 00:00:57]} 31. Qxe6+ {[%clk 00:43:41]}
{[%emt 00:00:26]} Kxe6 {[%clk 00:34:25]} {[%emt 00:00:17]} 32. Ne4 {[%clk
00:42:50]} {[%emt 00:00:56]} f5 {[%clk 00:33:58]} {[%emt 00:00:32]} 33. Ng5+
{[%clk 00:42:43]} {[%emt 00:00:12]} Kf6 {[%clk 00:33:47]} {[%emt 00:00:15]} 34.
Rg3 {[%clk 00:42:19]} {[%emt 00:00:30]} f4 {[%clk 00:32:28]} {[%emt 00:01:24]}
35. Ne4+ {[%clk 00:42:10]} {[%emt 00:00:11]} Bxe4 {[%clk 00:32:11]} {[%emt
00:00:25]} 36. Rf3 {[%clk 00:41:40]} {[%emt 00:00:34]} Bxf3 {[%clk 00:31:11]}
{[%emt 00:01:06]} 37. gxf3 {[%clk 00:41:27]} {[%emt 00:00:18]} Ke5 {[%clk
00:30:46]} {[%emt 00:00:30]} 38. Kf1 {[%clk 00:41:12]} {[%emt 00:00:20]} Kd5
{[%clk 00:30:05]} {[%emt 00:00:46]} 39. c4+ {[%clk 00:40:58]} {[%emt 00:00:20]}
Kd4 {[%clk 00:29:24]} {[%emt 00:00:46]} 40. Ke2 {[%clk 00:40:51]} {[%emt
00:00:11]} g5 {[%clk 00:28:56]} {[%emt 00:00:33]} 41. b3 {[%clk 00:40:42]}
{[%emt 00:00:14]} Kc3 {[%clk 00:28:20]} {[%emt 00:00:40]} 42. d4 {[%clk
00:39:57]} {[%emt 00:00:51]} Kxd4 {[%clk 00:27:32]} {[%emt 00:00:54]} 43. Kd2
{[%clk 00:39:48]} {[%emt 00:00:13]} Ke5 {[%clk 00:25:59]} {[%emt 00:01:37]} 44.
Kd3 {[%clk 00:38:13]} {[%emt 00:01:41]} Kf5 {[%clk 00:25:53]} {[%emt 00:00:10]}
45. Ke2 {[%clk 00:37:13]} {[%emt 00:01:03]} Ke5 {[%clk 00:25:32]} {[%emt
00:00:28]} 46. Kd3 {[%clk 00:37:03]} {[%emt 00:00:16]} Kf5 {[%clk 00:25:29]}
{[%emt 00:00:07]} 47. Kd2 {[%clk 00:36:33]} {[%emt 00:00:36]} Ke5 {[%clk
00:25:19]} {[%emt 00:00:15]} 48. Kc2 {[%clk 00:36:16]} {[%emt 00:00:22]} Kd4
{[%clk 00:24:52]} {[%emt 00:00:31]} 49. Kd2 {[%clk 00:36:10]} {[%emt 00:00:12]}
Ke5 {[%clk 00:24:47]} {[%emt 00:00:10]} 50. Kd3 {[%clk 00:35:30]} {[%emt
00:00:54]} Kf5 {[%clk 00:24:24]} {[%emt 00:00:29]} 51. a4 {[%clk 00:34:51]}
{[%emt 00:00:45]} a5 {[%clk 00:23:48]} {[%emt 00:00:41]} 52. Ke2 {[%clk
00:34:33]} {[%emt 00:00:22]} Ke5 {[%clk 00:23:43]} {[%emt 00:00:09]} 53. Kf1
{[%clk 00:34:27]} {[%emt 00:00:10]} Kd4 {[%clk 00:23:35]} {[%emt 00:00:15]} 54.
Kg2 {[%clk 00:34:02]} {[%emt 00:00:30]} Kc3 {[%clk 00:23:26]} {[%emt 00:00:15]}
55. Kf1 {[%clk 00:33:45]} {[%emt 00:00:21]} Kxb3 {[%clk 00:23:20]} {[%emt
00:00:11]} 56. Ke2 {[%clk 00:33:49]} {[%emt 00:00:01]} Kc2 {[%clk 00:23:03]}
{[%emt 00:00:22]} 57. Ke1 {[%clk 00:33:22]} {[%emt 00:00:32]} b3 {[%clk
00:22:39]} {[%emt 00:00:30]} 58. Ke2 {[%clk 00:33:10]} {[%emt 00:00:16]} b2
{[%clk 00:22:05]} {[%emt 00:00:40]} 59. Ke1 {[%clk 00:32:50]} {[%emt 00:00:24]}
b1=Q+ {[%clk 00:21:54]} {[%emt 00:00:15]} 60. Ke2 {[%clk 00:32:37]} {[%emt
00:00:19]} Qd1 {[%emt 00:00:48]} 0-1

[Event "DVM U10 2023"]
[Site "Magdeburg GER"]
[Date "2023.12.27"]
[Round "1"]
[White "Schmidt, Alexander Nadvid"]
[Black "Datta, Satadru"]
[Result "1-0"]
[Termination "normal"]
[Board "3.2"]
[WhiteElo "1462"]
[BlackElo "1134"]
[WhiteClock "00:29:34"]
[BlackClock "00:01:27"]
[WhiteTeam "SK Zehlendorf"]
[BlackTeam "USV Potsdam"]
[PlyCount "55"]
[WhiteFideId "34661360"]
[BlackFideId "34637931"]
[EventCountry "GER"]
[EventRounds "7"]
[EventType "team-swiss"]
[EventDate "2023.12.27"]

1. e4 {[%clk 00:54:51]} {[%emt 00:00:19]} e6 {[%clk 00:54:57]} {[%emt
00:00:13]} 2. d4 {[%clk 00:54:17]} {[%emt 00:00:38]} d5 {[%clk 00:54:23]}
{[%emt 00:00:39]} 3. exd5 {[%clk 00:53:13]} {[%emt 00:01:09]} exd5 {[%clk
00:53:55]} {[%emt 00:00:33]} 4. Bd3 {[%clk 00:53:05]} {[%emt 00:00:14]} Nf6
{[%clk 00:53:34]} {[%emt 00:00:25]} 5. Bg5 {[%clk 00:52:58]} {[%emt 00:00:12]}
Nc6 {[%clk 00:51:52]} {[%emt 00:01:46]} 6. c3 {[%clk 00:51:52]} {[%emt
00:01:13]} Be7 {[%clk 00:50:48]} {[%emt 00:01:06]} 7. Nf3 {[%clk 00:50:55]}
{[%emt 00:01:05]} Bg4 {[%clk 00:49:30]} {[%emt 00:01:20]} 8. Nbd2 {[%clk
00:50:21]} {[%emt 00:00:42]} h6 {[%clk 00:47:46]} {[%emt 00:01:49]} 9. Bh4
{[%clk 00:48:43]} {[%emt 00:01:42]} a6 {[%clk 00:45:52]} {[%emt 00:02:00]} 10.
Qc2 {[%clk 00:47:28]} {[%emt 00:01:20]} Qd6 {[%clk 00:39:22]} {[%emt 00:06:32]}
11. Bg3 {[%clk 00:46:31]} {[%emt 00:01:05]} Qd8 {[%clk 00:35:48]} {[%emt
00:03:35]} 12. O-O {[%clk 00:43:54]} {[%emt 00:02:45]} Nh5 {[%clk 00:33:06]}
{[%emt 00:02:35]} 13. Be5 {[%clk 00:43:27]} {[%emt 00:00:45]} Nxe5 {[%clk
00:28:09]} {[%emt 00:05:02]} 14. Nxe5 {[%clk 00:43:19]} {[%emt 00:00:14]} Be6
{[%clk 00:26:57]} {[%emt 00:01:00]} 15. f4 {[%clk 00:42:49]} {[%emt 00:00:51]}
Bd6 {[%clk 00:23:58]} {[%emt 00:03:03]} 16. Ndf3 {[%clk 00:42:44]} {[%emt
00:00:11]} Nxf4 {[%clk 00:20:35]} {[%emt 00:03:25]} 17. Bf5 {[%clk 00:42:08]}
{[%emt 00:00:44]} Qf6 {[%clk 00:15:45]} {[%emt 00:04:48]} 18. Bxe6 {[%clk
00:41:11]} {[%emt 00:01:08]} Qxe6 {[%clk 00:14:49]} {[%emt 00:01:01]} 19. Rae1
{[%clk 00:40:59]} {[%emt 00:00:18]} Be7 {[%clk 00:12:07]} {[%emt 00:02:47]} 20.
Qf2 {[%clk 00:35:49]} {[%emt 00:05:14]} Qf5 {[%clk 00:08:30]} {[%emt 00:03:36]}
21. Nh4 {[%clk 00:35:05]} {[%emt 00:00:55]} Bxh4 {[%clk 00:05:29]} {[%emt
00:03:05]} 22. Qxh4 {[%clk 00:32:58]} {[%emt 00:02:11]} g5 {[%clk 00:04:17]}
{[%emt 00:01:19]} 23. Rxf4 {[%clk 00:31:20]} {[%emt 00:01:43]} gxf4 {[%clk
00:02:46]} {[%emt 00:01:36]} 24. Ng6+ {[%clk 00:30:12]} {[%emt 00:01:13]} Kd7
{[%clk 00:01:44]} {[%emt 00:01:07]} 25. Qe7+ {[%clk 00:29:51]} {[%emt
00:00:26]} Kc6 {[%clk 00:01:43]} {[%emt 00:00:06]} 26. Qc5+ {[%clk 00:29:38]}
{[%emt 00:00:17]} Kd7 {[%clk 00:01:38]} {[%emt 00:00:11]} 27. Re7+ {[%clk
00:29:34]} {[%emt 00:00:09]} Kc8 {[%clk 00:01:27]} {[%emt 00:00:15]} 28. Qxc7#
{[%emt 00:00:17]} 1-0

[Event "DVM U10 2023"]
[Site "Magdeburg GER"]
[Date "2023.12.27"]
[Round "1"]
[White "Horras, Jonathan"]
[Black "Golnik, Rasmus"]
[Result "0-1"]
[Termination "normal"]
[Board "3.4"]
[WhiteElo "1109"]
[BlackElo "1006"]
[WhiteClock "00:15:46"]
[BlackClock "00:27:44"]
[WhiteTeam "SK Zehlendorf"]
[BlackTeam "USV Potsdam"]
[PlyCount "84"]
[WhiteFideId "34681990"]
[EventCountry "GER"]
[EventRounds "7"]
[EventType "team-swiss"]
[EventDate "2023.12.27"]

1. e4 {[%clk 00:55:07]} {[%emt 00:00:02]} e5 {[%clk 00:55:03]} {[%emt
00:00:05]} 2. Nf3 {[%clk 00:54:45]} {[%emt 00:00:30]} Nc6 {[%clk 00:55:02]}
{[%emt 00:00:06]} 3. Bc4 {[%clk 00:54:14]} {[%emt 00:00:36]} Nf6 {[%clk
00:54:32]} {[%emt 00:00:34]} 4. Nc3 {[%clk 00:53:14]} {[%emt 00:01:06]} Bc5
{[%clk 00:54:13]} {[%emt 00:00:22]} 5. d3 {[%clk 00:52:41]} {[%emt 00:00:40]}
O-O {[%clk 00:53:23]} {[%emt 00:00:54]} 6. Be3 {[%clk 00:52:01]} {[%emt
00:00:45]} Bb4 {[%clk 00:52:13]} {[%emt 00:01:15]} 7. Bd2 {[%clk 00:51:13]}
{[%emt 00:00:54]} d6 {[%clk 00:51:29]} {[%emt 00:00:48]} 8. a3 {[%clk
00:50:11]} {[%emt 00:01:08]} Ba5 {[%clk 00:50:59]} {[%emt 00:00:35]} 9. h3
{[%clk 00:48:29]} {[%emt 00:01:46]} h6 {[%clk 00:49:50]} {[%emt 00:01:14]} 10.
O-O {[%clk 00:46:52]} {[%emt 00:01:43]} Re8 {[%clk 00:49:35]} {[%emt 00:00:20]}
11. Nd5 {[%clk 00:46:01]} {[%emt 00:00:56]} Bxd2 {[%clk 00:48:33]} {[%emt
00:01:06]} 12. Qxd2 {[%clk 00:45:57]} {[%emt 00:00:09]} Nxd5 {[%clk 00:48:04]}
{[%emt 00:00:35]} 13. Bxd5 {[%clk 00:45:30]} {[%emt 00:00:32]} Be6 {[%clk
00:47:24]} {[%emt 00:00:44]} 14. c4 {[%clk 00:44:19]} {[%emt 00:01:16]} Bxd5
{[%clk 00:46:54]} {[%emt 00:00:35]} 15. cxd5 {[%clk 00:43:51]} {[%emt
00:00:33]} Ne7 {[%clk 00:46:46]} {[%emt 00:00:12]} 16. Rab1 {[%clk 00:42:09]}
{[%emt 00:01:49]} Ng6 {[%clk 00:46:11]} {[%emt 00:00:40]} 17. Qb4 {[%clk
00:40:42]} {[%emt 00:01:33]} Rb8 {[%clk 00:45:23]} {[%emt 00:00:53]} 18. Rfc1
{[%clk 00:40:16]} {[%emt 00:00:31]} Nf4 {[%clk 00:44:30]} {[%emt 00:00:58]} 19.
Qd2 {[%clk 00:35:47]} {[%emt 00:04:33]} Qd7 {[%clk 00:42:53]} {[%emt 00:01:42]}
20. Kf1 {[%clk 00:33:33]} {[%emt 00:02:20]} c6 {[%clk 00:41:35]} {[%emt
00:01:24]} 21. dxc6 {[%clk 00:32:38]} {[%emt 00:00:59]} bxc6 {[%clk 00:41:27]}
{[%emt 00:00:12]} 22. Qc3 {[%clk 00:32:06]} {[%emt 00:00:36]} Rbc8 {[%clk
00:40:53]} {[%emt 00:00:39]} 23. Rc2 {[%clk 00:30:58]} {[%emt 00:01:12]} Re7
{[%clk 00:39:08]} {[%emt 00:01:52]} 24. Rbc1 {[%clk 00:30:44]} {[%emt
00:00:19]} Qe8 {[%clk 00:38:02]} {[%emt 00:01:11]} 25. Qb4 {[%clk 00:28:57]}
{[%emt 00:01:52]} Nxd3 {[%clk 00:37:29]} {[%emt 00:00:39]} 26. Qxd6 {[%clk
00:28:45]} {[%emt 00:00:16]} Nxc1 {[%clk 00:37:09]} {[%emt 00:00:27]} 27. Rxc1
{[%clk 00:28:40]} {[%emt 00:00:09]} Re6 {[%clk 00:36:35]} {[%emt 00:00:38]} 28.
Qc5 {[%clk 00:28:20]} {[%emt 00:00:25]} a6 {[%clk 00:36:19]} {[%emt 00:00:22]}
29. Nd2 {[%clk 00:27:41]} {[%emt 00:00:44]} Rb8 {[%clk 00:35:17]} {[%emt
00:01:07]} 30. b4 {[%clk 00:24:39]} {[%emt 00:03:07]} Rb5 {[%clk 00:34:17]}
{[%emt 00:01:05]} 31. Qa7 {[%clk 00:23:54]} {[%emt 00:00:51]} Qc8 {[%clk
00:33:06]} {[%emt 00:01:15]} 32. Rc5 {[%clk 00:21:24]} {[%emt 00:02:34]} Qb7
{[%clk 00:32:05]} {[%emt 00:01:06]} 33. Qxb7 {[%clk 00:21:00]} {[%emt
00:00:30]} Rxb7 {[%clk 00:31:57]} {[%emt 00:00:12]} 34. Nc4 {[%clk 00:20:56]}
{[%emt 00:00:09]} Rb5 {[%clk 00:31:28]} {[%emt 00:00:35]} 35. Rxb5 {[%clk
00:20:07]} {[%emt 00:00:53]} cxb5 {[%clk 00:31:14]} {[%emt 00:00:20]} 36. Ne3
{[%clk 00:19:44]} {[%emt 00:00:26]} Rc6 {[%clk 00:30:44]} {[%emt 00:00:36]} 37.
Nd5 {[%clk 00:19:02]} {[%emt 00:00:47]} Kf8 {[%clk 00:30:19]} {[%emt 00:00:30]}
38. Ke2 {[%clk 00:18:54]} {[%emt 00:00:12]} Rc4 {[%clk 00:29:38]} {[%emt
00:00:47]} 39. Kd3 {[%clk 00:16:39]} {[%emt 00:02:20]} f5 {[%clk 00:27:56]}
{[%emt 00:01:47]} 40. exf5 {[%clk 00:15:55]} {[%emt 00:00:46]} Rd4+ {[%clk
00:27:52]} {[%emt 00:00:11]} 41. Ke3 {[%clk 00:15:46]} {[%emt 00:00:15]} Rxd5
{[%clk 00:27:44]} {[%emt 00:00:13]} 42. Ke4 {[%emt 00:00:11]} Rd2 {[%emt
00:00:06]} 0-1